| 000 | 01161cam a22002895a 4500 | ||
|---|---|---|---|
| 001 | ssib011856147 | ||
| 003 | OSt | ||
| 005 | 20150714104936.0 | ||
| 008 | 150626s1975 okub frb 001 0 eng d | ||
| 040 |
_aWaSeSS _beng _cWaSeSS _dWaSeSS _dEG-ScBUE |
||
| 082 | 0 | 4 |
_a622.1828 _bOWE _222 |
| 100 | 1 |
_aOwen, Edgar Wesley. _938231 |
|
| 245 | 1 | 0 |
_aTrek of the Oil Finders : _ba history of exploration for petroleum / _cby Edgar Wesley Owen. |
| 260 |
_aTulsa : _bAmerican Association of Petroleum Geologists, _c1975. |
||
| 300 |
_axv, 1647 p. : _bmaps ; _c24 cm. |
||
| 490 | 0 |
_aMemoir - American Association of Petroleum Geologists ; _v6 |
|
| 500 | _aAt head of title : Semicentennial commemorative volume. | ||
| 500 | _aIncludes indexes. | ||
| 504 | _aIncludes bibliographical references. | ||
| 650 | 0 |
_aPetroleum _xProspecting _xHistory. _2BUEsh |
|
| 651 | _2BUEsh | ||
| 653 |
_bENGPET _bENGGEN _cJuly2015 |
||
| 655 |
_vreading book _934232 |
||
| 700 | 1 |
_aDott, Robert H. _q(Robert Henry), _d1896- _tSourcebook for petroleum geology. |
|
| 710 | 2 |
_aSouthwestern Federation of Geological Societies. _tFluids in subsurface environments. |
|
| 942 |
_2ddc _k622.1828 OWE |
||
| 999 |
_c20344 _d20316 |
||